00772nam a2200229 a 450000100060000000300080000600500170001400800410003103500190007204000280009104100080011908200250012710000320015224500500018426000350023430000330026965000350030265000340033794200120037199900170038395201420040060462BD-RjUL20211209080839.0170101s1967 enka 000 0 eng d a(BD-RjUL)60586 aDLCcDLCdUKMdEQObeng aeng a370.15223bKEE 19671 aKellaway, George P.917994010aEducation for living /cby George P. Kellaway aLondon :bCambridge U.P,c1967 a[4], 151 p. :bill. ;c23 cm 0aEducational psychology9178267 0aEducational sociology9178141 2ddccBK c60462d60462 00102ddc40718NFICaRUCLbRUCLcReadingd1964-12-27eZeithlinger.g21.00l0o370.15 KEE 1967r2017-01-01 00:00:00tC-1w2017-01-01yBK